Destiny 2 complete-the-phrase - Statistics

General Stats
  • This quiz has been taken 148 times
  • The average score is 21 of 43
Answer Stats
Hint Answer % Correct
the final shape
88%
polaris lance
87%
spire of the watcher
81%
european dead zone
80%
your enemy can't kill if they're dead
77%
the dreaming city
76%
the witch queen
73%
vault of glass
70%
outbreak perfected
69%
last wish
69%
randy's throwing knife
67%
whisper of the worm
67%
leviathan's breath
64%
saint 14
63%
pit of heresy
62%
ikora rey
62%
how's your sister
58%
eris morn
56%
artifice armor
53%
curse of osiris
53%
contingency plan
53%
contacting destiny 2 servers
53%
nox perennial v
53%
wardcliff coil
52%
into the light
52%
mara sov
52%
sweet business
49%
claws of ahamkara
45%
ace of spades
43%
tess everis
41%
banshee 44
39%
grasp of avarice
39%
hung jury sr4
28%
watcher's grave
23%
stochastic variable
18%
lance reddick
14%
hub for emergency logistics and maneuvers
12%
return to orbit
12%
arcadian valley
8%
sorrow's verse
5%
data analysis, reconnaissance, and cooperative intelligence
4%
double-edged answer
1%
riven's spirit
0%
No matching quizzes found
Score Distribution
Percent of People with Each Score
Percentile by Number Answered
Your Score History
You have not taken this quiz